000 00214 a2200097 4500
001 12203
100 _aSaleem Akhtar
245 _aKhushgawar aur Mutmaen Zindgi
260 _a
_bsang-e-Meel
_c
090 _c9417
_d9417
942 _aNUST-CAE
_cM
_c36286
999 _c247276
_d247276